Environmentálny marketing diplomová práca

Enregistré dans:
Détails bibliographiques
Auteur principal: Jochmann, Tomáš
Collectivité auteur: Obchodná fakulta EU. Katedra medzinárodného obchodu
Autres auteurs: Pásztorová, Janka, 1960-
Format: Livre
Langue:slovaque
Publié: Bratislava 2012
Tags: Ajouter un tag
Pas de tags, Soyez le premier à ajouter un tag!

MARC

LEADER 00000nbm a2200000 4500
001 0157921
005 20170523123058.6
041 0 |a slo 
044 |a SK 
245 1 0 |a Environmentálny marketing  |b diplomová práca  |c Tomáš Jochmann ; školiteľ: Janka Pásztorová 
264 1 |a Bratislava  |c 2012 
300 |a 74 s. 
100 1 |a Jochmann, Tomáš 
700 1 |a Pásztorová, Janka, 1960- 
710 2 |a Obchodná fakulta EU. Katedra medzinárodného obchodu